Central Library OPAC University of Rajshahi

Agricultural statistics : (Record no. 36934)

MARC details
000 -LEADER
fixed length control field 01119nam a2200325 i 4500
001 - CONTROL NUMBER
control field 36934
003 - CONTROL NUMBER IDENTIFIER
rucl marc code BD-RjUL
005 - DATE AND TIME OF LATEST TRANSACTION
control field 20211209052547.0
008 - FIXED-LENGTH DATA ELEMENTS--GENERAL INFORMATION
fixed length control field 140623s1979 enk bs 001 0 eng
020 ## - INTERNATIONAL STANDARD BOOK NUMBER
International Standard Book Number 0080233880 :
International Standard Book Number 0080233872 (pbk.) :
035 ## - SYSTEM CONTROL NUMBER
System control number (BD-RjUL)37036
040 ## - CATALOGING SOURCE
Original cataloging agency DLC
Transcribing agency DLC
Modifying agency DLC
-- BD-RjUL
Language of cataloging eng
041 ## - LANGUAGE CODE
Language code of text/sound track or separate title eng
082 00 - DEWEY DECIMAL CLASSIFICATION NUMBER
Classification number 338.10182
Author mark and year IDA 1979
100 1# - MAIN ENTRY--PERSONAL NAME
Personal name Idaikkadar, N. M.
9 (RLIN) 112796
245 10 - TITLE STATEMENT
Title Agricultural statistics :
Remainder of title a handbook for developing countries /
Statement of responsibility, etc. by N. M. Idaikkadar.
250 ## - EDITION STATEMENT
Edition statement 1st ed.
260 ## - PUBLICATION, DISTRIBUTION, ETC. (IMPRINT)
Place of publication, distribution, etc. Oxford ;
-- New York :
Name of publisher, distributor, etc. Pergamon Press,
Date of publication, distribution, etc. 1979.
300 ## - PHYSICAL DESCRIPTION
Pagination xii, 139 p. ;
Size 22 cm.
490 0# - SERIES STATEMENT
Series statement Pergamon international library of science, technology, engineering, and social studies
500 ## - GENERAL NOTE
General note Includes index.
650 #0 - SUBJECT ADDED ENTRY--TOPICAL TERM
Topical term or geographic name as entry element Agriculture
Geographic subdivision Developing countries
General subdivision Statistics.
9 (RLIN) 112797
Topical term or geographic name as entry element Agriculture
Geographic subdivision Developing countries
General subdivision Statistical methods.
9 (RLIN) 112798
Topical term or geographic name as entry element Agriculture
General subdivision Statistics.
9 (RLIN) 112799
Topical term or geographic name as entry element Agriculture
General subdivision Statistical methods.
9 (RLIN) 112800
942 ## - ADDED ENTRY ELEMENTS (KOHA)
Source of classification or shelving scheme Dewey Decimal Classification
Koha item type Books
Holdings
Lost status Source of classification or shelving scheme Damaged status Not for loan Collection code Permanent Location Current Location Shelving location Date acquired Total Checkouts Full call number Date last seen Copy number Koha item type
  Dewey Decimal Classification   Not For Loan Non-fiction Institute of Biological Sciences (IBSc) Library Institute of Biological Sciences (IBSc) Library   23/09/2014   338.10182 IDA 1979 23/09/2014 C-1 Books